000 00958cab a2200265 4500
001 WB3405-01
008 090401t1998 xxu||||| |||| 00| 0 eng d
035 _a(Sirsi) u83553
041 _aeng
245 _aConstruction skills problems
260 _c1998
350 _a0
490 _aFinancial Times
_v4 February 1998, 11(1)
520 _aLengthening delivery times and skills shortages are constraining the construction industry`s ability to cope with increasing demand, according to a new regular survey "The Construction Activity Index", published by the Chartered Institute of Purchasing and Supply.
650 _aCHARTERED INSTITUTE OF PURCHASING AND SUPPLY
650 _aCONSTRUCTION ACTIVITY INDEX
650 _aBUILT ENVIRONMENT-BUILDING MATERIALS
650 _aLABOUR SHORTAGES
650 _aSKILLED LABOUR
650 _aSKILLS SHORTAGE
650 _aSUPPLY
690 _aBUILT ENVIRONMENT
942 _n0
948 _c05/02/1998
999 _c52782
_d52782